El español de América : (Registro nro. 52609)
[ vista simple ]
| 000 -CABECERA | |
|---|---|
| campo de control de longitud fija | 01399nas a22003490a 4500 |
| 001 - NÚMERO DE CONTROL | |
| campo de control | PT17664 |
| 003 - IDENTIFICADOR DEL NÚMERO DE CONTROL | |
| campo de control | AR-LpoUNG |
| 005 - FECHA Y HORA DE LA ÚLTIMA TRANSACCIÓN | |
| campo de control | 20210201230628.0 |
| 008 - DATOS DE LONGITUD FIJA--INFORMACIÓN GENERAL | |
| campo de control de longitud fija | 201001s2003||||sp |||||||||||||||||spa d |
| 020 ## - NÚMERO INTERNACIONAL ESTÁNDAR DEL LIBRO | |
| Número Internacional Estándar del Libro | 8476351860 |
| Condiciones de disponibilidad | $8.33 |
| 040 ## - FUENTE DE LA CATALOGACIÓN | |
| Centro catalogador/agencia de origen | AR-LpoUNG |
| Lengua de catalogación | spa |
| Normas de descripción | aacr |
| 041 ## - CÓDIGO DE LENGUA | |
| Código de lengua del texto/banda sonora o título independiente | spa |
| 044 ## - CÓDIGO DEL PAÍS DE LA ENTIDAD EDITORA/PRODUCTORA | |
| Código MARC del país | sp |
| 082 0# - NÚMERO DE LA CLASIFICACIÓN DECIMAL DEWEY | |
| Número de clasificación | 410 286v2 |
| 100 1# - ENTRADA PRINCIPAL--NOMBRE DE PERSONA | |
| Nombre de persona | Vaquero de Ramírez, María |
| 245 13 - MENCIÓN DE TÍTULO | |
| Título | El español de América : |
| Resto del título | morfosintaxis y léxico |
| 250 ## - MENCIÓN DE EDICIÓN | |
| Mención de edición | 3§ ed. |
| 260 ## - PUBLICACIÓN, DISTRIBUCIÓN, ETC. | |
| Lugar de publicación, distribución, etc. | Madrid : |
| Nombre del editor, distribuidor, etc. | Arco, |
| Fecha de publicación, distribución, etc. | 2003. |
| 300 ## - DESCRIPCIÓN FÍSICA | |
| Extensión | 68 p. |
| -- | (2 |
| Tipo de unidad | Volúmenes) |
| Especificación de materiales | Impreso |
| 490 0# - MENCIÓN DE SERIE | |
| Mención de serie | Cuadernos de Lengua Española ; |
| Designación de volumen o secuencia | v.29 |
| 490 0# - MENCIÓN DE SERIE | |
| Mención de serie | El español de América |
| 520 ## - SUMARIO, ETC. | |
| Sumario, etc. | Se tratan peculiaridades estudiatas en los primeros trabajos sobre el español de América , entre ellas las variaciones y discordancias de género y número, propias de las hablas populares. Por otra parte se da especial atención al voseo, como fenómeno de considerable extensión en América y, en otro nivel de análisis, se incluyen algunos de los fenómenos identificados como propios de zonas de contacto español-lenguas indígenas, con evidente grado de estigmatización social, según las últimas investigaciones. |
| 653 ## - TÉRMINO DE INDIZACIÓN--NO CONTROLADO | |
| Término no controlado | ARTICULOS |
| 653 ## - TÉRMINO DE INDIZACIÓN--NO CONTROLADO | |
| Término no controlado | FORMAS VERBALES |
| 653 ## - TÉRMINO DE INDIZACIÓN--NO CONTROLADO | |
| Término no controlado | GENERO |
| 653 ## - TÉRMINO DE INDIZACIÓN--NO CONTROLADO | |
| Término no controlado | LENGUA |
| 653 ## - TÉRMINO DE INDIZACIÓN--NO CONTROLADO | |
| Término no controlado | LEXICO AUTOCTONO |
| 653 ## - TÉRMINO DE INDIZACIÓN--NO CONTROLADO | |
| Término no controlado | MAES |
| 653 ## - TÉRMINO DE INDIZACIÓN--NO CONTROLADO | |
| Término no controlado | NUMERO |
| 905 ## - ELEMENTOS DE DATOS E LOCAL, LDE (RLIN) | |
| a | 17664 |
| 942 ## - ELEMENTOS DE PUNTO DE ACCESO ADICIONAL (KOHA) | |
| Tipo de ítem Koha | Libro |
| Estado de retiro | Estado de pérdida | Fuente del sistema de clasificación o colocación | Estado dañado | No para préstamo | Código de colección | Localización permanente | Ubicación/localización actual | Fecha de adquisición | Total de préstamos | Signatura topográfica completa | Código de barras | Fecha visto por última vez | Precio válido a partir de | Tipo de ítem Koha |
|---|---|---|---|---|---|---|---|---|---|---|---|---|---|---|
| Retirado | Dewey Decimal Classification | No es para préstamo | Colección General | Biblioteca Universidad Nacional de General Sarmiento | Biblioteca Universidad Nacional de General Sarmiento | 01/02/2021 | 410 286v2 | 00018678 | 01/02/2021 | 01/02/2021 | Libro | |||
| Colección General | Biblioteca Universidad Nacional de General Sarmiento | Biblioteca Universidad Nacional de General Sarmiento | 01/02/2021 | 410 286v2 | 00018679 | 01/02/2021 | 01/02/2021 | Libro |